1157 1559 1282 1888 1460 1199 1930 1259 1699 1463 1762 1590 1382 1396 1543 1136 1775 1368 1220 1910 1912 1921 1622 1234 1490 1507 1474 1490 1853 1869 1585 1096 1700 1417 1721 1600 1436 1474 1701 1379 1405 1441 1984 1735 1818 1231 1608 1763 1793 1228 1507 1146 1349 1000 1329 1240 1265 1614 1613 1084 1952 1833 1643 1868 1776 1950 1924 1225 1717 1323 1605 1780 1244 1119 1742 1287 1518 1253 1716 1598 1216 1774 1644 1413 1225 1406 1299 1701 1580 1400 1022 1015 1808 1702 1389 1016 1847 1746 1790 BCNSPRNW ULIB Ver.6.0+V

เปลี่ยนเป็นภาษาไทย

Change to English
 แสดงรายละเอียดบรรณานุกรม
  กลับหน้าหลัก

Brief Record : Get Marc (ISO 2709) : E-mail record : QR code < ปิดหน้าต่าง
LEADER : 00000nam 2200000uu 4500
001    13399112879
003     ULIB
008    110915s2554||||th 000 0 tha d
020    9789749040577
050  4 H62^bส234ก 2554
100 0  สมคิด พรมจุ้ย
245 10 การเขียนโครงการวิจัย :^bหลักการและแนวปฎิบัติ /^cสมคิดพรมจุ้ย
250    พิมพ์ครั้งที่ 4
260    กรุงเทพฯ :^bจตุพร ดีไซน์,^c2554
300    202 หน้า :^bภาพประกอบ ;^c21 ซม.
650  4 วิจัย
945    ^p150^l0^i030522
945    ^p150^l0^i030523
945    ^p150^l0^i030524
995    เกษร
999 ^a ใช้งานได้ทุกระบบ
รายการนี้ยังไม่มีแท็ก
คุณยังไม่ได้ล็อกอิน คุณสามารถมีกิจกรรมร่วมกับเว็บไซต์ได้ แต่ต้องล็อกอินก่อน ::
  ล็อกอิน

รายการสื่อสารสนเทศ

ลำดับที่ ประเภท เลขเรียก/บาร์โค้ด สถานที่ สถานะ
- ไม่พบข้อมูล -

รายการใกล้เคียง
    ผู้แต่ง [สมคิด พรมจุ้ย]

    หัวเรื่อง [วิจัย]

BibComment


ยังไม่เคยถูกคอมเมนท์

คอมเมนท์ทรัพยากรรายการนี้
  คอมเมนท์: การเขียนโครงการวิ..


 Copyright 2026. Bcnsprnw @Library